[Event "VI Open FIDE"]
[Site "Forli' ITA"]
[Date "1993.10.??"]
[Round "7"]
[White "Tagnon, Nicole"]
[Black "Ciotoli, Patrizio"]
[WhiteElo "2100"]
[BlackElo "1914"]
[Result "1-0"]
[PlyCount "79"]
[EventDate "1993.10.23"]

1. e4 e5 2. f4 exf4 3. Nf3 d5 4. exd5 Nf6 5. Bc4 Bd6 6. O-O O-O 7. Bb3 Bg4 8.
d4 c6 9. Nc3 Nbd7 10. dxc6 bxc6 11. Ne2 Qc7 12. c4 Rad8 13. Kh1 c5 14. d5 Ne4
15. Bc2 f5 16. Bd3 Bxf3 17. gxf3 Rde8 18. Qc2 Ndf6 19. Nc3 Nxc3 20. bxc3 Qf7
21. Bxf5 Qh5 22. Be6+ Kh8 23. Qg2 Re7 24. Bd2 g5 25. Rae1 Rg7 26. Qh3 Qxh3 27.
Bxh3 g4 28. fxg4 Nxg4 29. Re6 Bb8 30. d6 h5 31. Bxg4 hxg4 32. Rxf4 Rxf4 33.
Bxf4 Rg8 34. Re7 Rf8 35. Be5+ Kg8 36. Rg7+ Kh8 37. Rxa7+ Kg8 38. Rg7+ Kh8 39.
Rf7+ Kg8 40. Rxf8+ 1-0

[Event "VI Open FIDE"]
[Site "Forli' ITA"]
[Date "1993.10.??"]
[Round "7"]
[White "Wagman, Stuart"]
[Black "Leoncini, Mario"]
[WhiteElo "2225"]
[BlackElo "2250"]
[Result "1/2-1/2"]
[PlyCount "41"]
[EventDate "1993.10.23"]

1. e4 c5 2. Nf3 Nc6 3. d4 cxd4 4. Nxd4 Nf6 5. Nc3 e5 6. Ndb5 d6 7. Bg5 a6 8.
Na3 b5 9. Nd5 Be7 10. Bxf6 Bxf6 11. c3 O-O 12. Nc2 Rb8 13. Be2 Bg5 14. Bg4 Bb7
15. O-O Ne7 16. Ncb4 Ng6 17. Qd3 a5 18. Nc2 Ne7 19. Nxe7+ Qxe7 20. Ne3 Bxe3 21.
Qxe3 1/2-1/2

[Event "VI Open FIDE"]
[Site "Forli' ITA"]
[Date "1993.10.??"]
[Round "8"]
[White "Bartolini, Tommaso"]
[Black "Ciotoli, Patrizio"]
[WhiteElo "2095"]
[BlackElo "1914"]
[Result "1-0"]
[PlyCount "92"]
[EventDate "1993.10.23"]

1. d4 Nf6 2. c4 g6 3. Nc3 d5 4. Nf3 Bg7 5. Bg5 Ne4 6. cxd5 Nxg5 7. Nxg5 e6 8.
Qd2 h6 9. Nh3 exd5 10. Qe3+ Kf8 11. Nf4 c6 12. Qf3 Qf6 13. e3 g5 14. Nh5 Qxf3
15. gxf3 Bf5 16. Kd2 Bg6 17. Nxg7 Kxg7 18. h4 Nd7 19. Rc1 Nf6 20. Be2 Rag8 21.
Rcg1 gxh4 22. Rxh4 Kf8 23. a4 Ke7 24. a5 Nd7 25. b4 b6 26. axb6 axb6 27. b5
cxb5 28. Nxd5+ Kd6 29. Bxb5 Kxd5 30. Bxd7 Ra8 31. Rf4 Ra2+ 32. Kc3 Kd6 33. Bf5
Rha8 34. Kd3 R8a3+ 35. Ke4 Bxf5+ 36. Rxf5 Rxf2 37. Rxf7 Ke6 38. Rb7 Kf6 39.
Rxb6+ Kf7 40. Rc1 Ra7 41. Rxh6 Re7+ 42. Kf4 Kg7 43. Rh3 Rf7+ 44. Ke4 Rd2 45.
Rg1+ Kf8 46. Rg5 Ra2 1-0

[Event "VI Open FIDE"]
[Site "Forli' ITA"]
[Date "1993.10.??"]
[Round "8"]
[White "Benvenuti, Carlo"]
[Black "Rodighiero, Giuseppe"]
[WhiteElo "2081"]
[BlackElo "2190"]
[Result "1/2-1/2"]
[PlyCount "30"]
[EventDate "1993.10.23"]

1. Nf3 Nf6 2. b3 d5 3. Bb2 Bg4 4. e3 e6 5. Be2 Nbd7 6. d3 c6 7. Nbd2 Be7 8. O-O
O-O 9. Ne5 Bxe2 10. Qxe2 Nxe5 11. Bxe5 Nd7 12. Bb2 Bf6 13. Bxf6 Nxf6 14. d4 Rc8
15. Rfc1 b6 1/2-1/2

[Event "VI Open FIDE"]
[Site "Forli' ITA"]
[Date "1993.10.??"]
[Round "8"]
[White "Caposciutti, Maurizio"]
[Black "Cvitan, Ognjen"]
[WhiteElo "2315"]
[BlackElo "2550"]
[Result "0-1"]
[PlyCount "83"]
[EventDate "1993.10.23"]

1. e4 c5 2. Nf3 e6 3. Nc3 a6 4. g3 d6 5. d4 cxd4 6. Nxd4 Nf6 7. Bg2 Be7 8. O-O
Qc7 9. Qd2 O-O 10. b3 Nc6 11. Bb2 Bd7 12. Nd1 Nxd4 13. Bxd4 Bc6 14. Re1 b5 15.
Rc1 Qb7 16. Qe3 Nd7 17. c4 b4 18. Qd2 Nc5 19. f3 a5 20. Ne3 Rfd8 21. Qc2 a4 22.
Rcd1 axb3 23. axb3 Ra3 24. Bxc5 dxc5 25. Rxd8+ Bxd8 26. f4 Qa8 27. Rd1 Be7 28.
Rd2 h6 29. Ng4 f5 30. Ne5 Bxe4 31. Bxe4 fxe4 32. Re2 e3 33. Nd3 Bf6 34. Nc1 Ra1
35. Re1 Bc3 36. Rd1 Rxc1 37. Rxc1 e2 38. Kf2 e1=Q+ 39. Rxe1 Bxe1+ 40. Kxe1 Qh1+
41. Kd2 Qxh2+ 42. Kd3 0-1

[Event "VI Open FIDE"]
[Site "Forli' ITA"]
[Date "1993.10.??"]
[Round "8"]
[White "Lurje, Pawel"]
[Black "De Gregorio, Massimiliano"]
[WhiteElo "2100"]
[BlackElo "2070"]
[Result "0-1"]
[PlyCount "48"]
[EventDate "1993.10.23"]

1. e4 c5 2. Nc3 d6 3. g3 e5 4. d3 Nf6 5. Bg2 Bg4 6. Nge2 Nc6 7. h3 Be6 8. O-O
d5 9. Bg5 d4 10. Nd5 Be7 11. Nxe7 Qxe7 12. f4 h6 13. Bh4 exf4 14. gxf4 g5 15.
fxg5 Nh7 16. Nf4 hxg5 17. Nd5 Qd6 18. e5 Qd7 19. Bxg5 Bxd5 20. Qh5 Ne7 21. Bf6
Rg8 22. Rf2 Bxg2 23. Rxg2 Rxg2+ 24. Kxg2 Qd5+ 0-1

[Event "VI Open FIDE"]
[Site "Forli' ITA"]
[Date "1993.10.??"]
[Round "8"]
[White "Mailfert, Jean-Pierre"]
[Black "Payen, Arnaud"]
[WhiteElo "2115"]
[BlackElo "2285"]
[Result "0-1"]
[PlyCount "60"]
[EventDate "1993.10.23"]

1. d4 d5 2. Nf3 c6 3. c4 e6 4. Nc3 dxc4 5. a4 Bb4 6. e3 b5 7. Bd2 a5 8. axb5
Bxc3 9. Bxc3 cxb5 10. b3 Bb7 11. bxc4 b4 12. Bd2 Nf6 13. Be2 O-O 14. O-O Nbd7
15. Qc2 Qc7 16. Rfc1 Rfb8 17. c5 Bc6 18. Rcb1 Qb7 19. Ne1 Ne4 20. f3 Nxd2 21.
Qxd2 e5 22. Bc4 exd4 23. exd4 Nf6 24. Nd3 Bd5 25. Ne5 a4 26. Bxd5 Nxd5 27. Nc4
b3 28. Ra3 Qb4 29. Qd3 Nf4 30. Qf1 Re8 0-1

[Event "VI Open FIDE"]
[Site "Forli' ITA"]
[Date "1993.10.??"]
[Round "8"]
[White "Tagnon, Nicole"]
[Black "Wagman, Stuart"]
[WhiteElo "2100"]
[BlackElo "2225"]
[Result "0-1"]
[PlyCount "60"]
[EventDate "1993.10.23"]

1. e4 e5 2. Bc4 Nf6 3. d3 Nc6 4. Nf3 Bc5 5. O-O d6 6. c3 O-O 7. Re1 a6 8. Bb3
Ba7 9. Nbd2 Ng4 10. Re2 Kh8 11. Nf1 f5 12. exf5 Bxf5 13. Bg5 Qd7 14. Bh4 Rac8
15. h3 Nf6 16. Ng3 Bg6 17. Ng5 Nh5 18. Rd2 Nf4 19. Kh2 h6 20. Nf3 Bh7 21. Nf1
Nxd3 22. Bg3 e4 23. Bc4 exf3 24. Bxd3 Bxd3 25. Rxd3 fxg2 26. Kxg2 Bc5 27. Rd5
Qf7 28. Nh2 Bxf2 29. Qb3 Qg6 30. c4 Qe4+ 0-1

[Event "VI Open FIDE"]
[Site "Forli' ITA"]
[Date "1993.10.??"]
[Round "8"]
[White "Tatai, Stefano"]
[Black "Trevisani, Bruno"]
[WhiteElo "2440"]
[BlackElo "2320"]
[Result "1-0"]
[PlyCount "73"]
[EventDate "1993.10.23"]

1. e4 g6 2. d4 Bg7 3. Nf3 d6 4. Be2 Nd7 5. O-O e6 6. a4 Ne7 7. Re1 h6 8. Bf1
O-O 9. a5 a6 10. Nc3 Kh7 11. h3 Qe8 12. b3 f6 13. Bb2 Qf7 14. Qe2 Re8 15. Qc4
Nc6 16. b4 Nf8 17. Qb3 Bd7 18. Na4 Nd8 19. e5 fxe5 20. dxe5 Bxa4 21. Rxa4 d5
22. c4 c6 23. Qc2 Kh8 24. c5 g5 25. Bd3 Qg8 26. Nh2 Nf7 27. Re3 Nd7 28. Qe2 Re7
29. Ra1 Qb8 30. Re1 Qc7 31. Ng4 Kg8 32. Bg6 Nf8 33. Bh5 Rd7 34. Bd4 Rad8 35.
Rf3 Nh7 36. Qd3 Kh8 37. Rxf7 1-0

[Event "VI Open FIDE"]
[Site "Forli' ITA"]
[Date "1993.10.??"]
[Round "8"]
[White "Tocchioni, Doriano"]
[Black "Iotti, Pierluigi"]
[WhiteElo "2235"]
[BlackElo "2300"]
[Result "1/2-1/2"]
[PlyCount "56"]
[EventDate "1993.10.23"]

1. d4 Nf6 2. c4 e6 3. Nf3 b6 4. g3 Bb7 5. Bg2 Be7 6. Nc3 Ne4 7. Qc2 Nxc3 8.
Qxc3 O-O 9. O-O Bf6 10. Rd1 d6 11. h4 Nd7 12. Qd3 Rb8 13. Ng5 g6 14. Rb1 Bxg2
15. Kxg2 Qe7 16. b4 e5 17. d5 Bg7 18. e4 h6 19. Nh3 f5 20. f4 Rbe8 21. Re1 Kh7
22. exf5 gxf5 23. fxe5 dxe5 24. Nf4 e4 25. Qe2 Ne5 26. Ne6 Rf6 27. Bb2 Rg6 28.
Qh5 Qf7 1/2-1/2

[Event "VI Open FIDE"]
[Site "Forli' ITA"]
[Date "1993.10.??"]
[Round "8"]
[White "Ubezio, Marco"]
[Black "Gaido, Paolo"]
[WhiteElo "2200"]
[BlackElo "1987"]
[Result "1-0"]
[PlyCount "95"]
[EventDate "1993.10.23"]

1. e4 e5 2. Nf3 Nc6 3. Nc3 Be7 4. d4 d6 5. Bb5 exd4 6. Nxd4 Bd7 7. O-O Nxd4 8.
Bxd7+ Qxd7 9. Qxd4 Nf6 10. Bg5 Qg4 11. Qd2 O-O 12. Rfe1 Rfe8 13. Rad1 h6 14.
Bf4 a6 15. h3 Qh5 16. Qd4 Bf8 17. Rd3 Re6 18. Rde3 c5 19. Qd1 Qxd1 20. Rxd1
Rae8 21. f3 c4 22. Re2 Nh5 23. Bh2 f5 24. Red2 f4 25. Nd5 Rc8 26. Bxf4 Nxf4 27.
Nxf4 Rf6 28. Nh5 Rf7 29. Rd5 g6 30. Ng3 h5 31. Kf1 Rc6 32. Ne2 b5 33. Nd4 Rb6
34. b3 cxb3 35. cxb3 Bg7 36. Rc1 Be5 37. Rc8+ Kh7 38. Ke2 Bxd4 39. Rxd4 Rf6 40.
Kd3 Kg7 41. Rd5 Kf7 42. Ke3 Ke6 43. g4 hxg4 44. hxg4 Rf7 45. Rg8 Rc6 46. Rxg6+
Ke7 47. Rd3 Rc2 48. a3 1-0

[Event "VI Open FIDE"]
[Site "Forli' ITA"]
[Date "1993.10.??"]
[Round "8"]
[White "Vezzosi, Paolo"]
[Black "Cordara, Michele"]
[WhiteElo "2280"]
[BlackElo "2205"]
[Result "1/2-1/2"]
[PlyCount "62"]
[EventDate "1993.10.23"]

1. e4 c5 2. Nf3 d6 3. d4 cxd4 4. Nxd4 Nf6 5. Nc3 a6 6. a4 Nc6 7. Be2 g6 8. Nb3
Be6 9. O-O Bg7 10. Bg5 O-O 11. Kh1 Ne5 12. Nd4 Bc4 13. f4 Bxe2 14. Qxe2 Nc6 15.
Nxc6 bxc6 16. Rad1 Ne8 17. e5 d5 18. f5 gxf5 19. Rxf5 Qd7 20. Qd3 e6 21. Rf6
Qc7 22. Re1 Rb8 23. Re3 Rb4 24. Rh3 h6 25. Rhxh6 Nxf6 26. Bxf6 Bxh6 27. Qg3+
Kh7 28. Qd3+ Kg8 29. Qh3 Kh7 30. Qd3+ Kg8 31. Qg3+ Kh7 1/2-1/2

[Event "VI Open FIDE"]
[Site "Forli' ITA"]
[Date "1993.10.??"]
[Round "8"]
[White "Zelcic, Robert"]
[Black "Efimov, Igor"]
[WhiteElo "2450"]
[BlackElo "2490"]
[Result "1-0"]
[PlyCount "67"]
[EventDate "1993.10.23"]

1. e4 c5 2. Nf3 a6 3. Nc3 b5 4. a4 b4 5. Ne2 Bb7 6. Ng3 e6 7. c3 d5 8. e5 Nc6
9. d4 c4 10. Nh5 Na5 11. Be3 Nb3 12. Ra2 Bc6 13. h4 Qd7 14. a5 Rb8 15. g3 Ba4
16. Nf4 Ne7 17. Bg2 Nf5 18. O-O Be7 19. Bh3 Nbxd4 20. Rxa4 Nxf3+ 21. Qxf3 Qxa4
22. Bxf5 exf5 23. Nxd5 bxc3 24. bxc3 Qxa5 25. Rd1 Bd8 26. Qxf5 O-O 27. e6 Qa4
28. Re1 fxe6 29. Qxe6+ Kh8 30. Bd4 Rb7 31. h5 Rbf7 32. h6 Bf6 33. Bc5 Qc2 34.
Qxf7 1-0

[Event "VI Open FIDE"]
[Site "Forli' ITA"]
[Date "1993.10.??"]
[Round "9"]
[White "Beggi, Pierluigi"]
[Black "Benvenuti, Carlo"]
[WhiteElo "2235"]
[BlackElo "2081"]
[Result "1/2-1/2"]
[PlyCount "21"]
[EventDate "1993.10.23"]

1. d4 d6 2. Nf3 Bg4 3. Nbd2 Nd7 4. g3 c6 5. Bg2 Ngf6 6. c4 e6 7. O-O Be7 8. Qc2
Bh5 9. e4 O-O 10. Re1 Ne8 11. Qb3 1/2-1/2

[Event "VI Open FIDE"]
[Site "Forli' ITA"]
[Date "1993.10.??"]
[Round "9"]
[White "Belotti, Bruno"]
[Black "Pieri, Filippo"]
[WhiteElo "2410"]
[BlackElo "2215"]
[Result "1/2-1/2"]
[PlyCount "48"]
[EventDate "1993.10.23"]

1. d4 Nf6 2. c4 c5 3. d5 e6 4. Nc3 exd5 5. cxd5 d6 6. e4 g6 7. Bf4 a6 8. a4 Bg7
9. Nf3 Bg4 10. Be2 Bxf3 11. Bxf3 Qe7 12. O-O Nbd7 13. Re1 Ne5 14. Be2 O-O 15.
Bg3 g5 16. Qc2 Ng6 17. a5 h5 18. h3 Rfe8 19. Ra4 h4 20. Bh2 Nd7 21. Bg4 Be5 22.
Nd1 b5 23. Ra1 Nf6 24. Bxe5 Qxe5 1/2-1/2

[Event "VI Open FIDE"]
[Site "Forli' ITA"]
[Date "1993.10.??"]
[Round "9"]
[White "Ciotoli, Patrizio"]
[Black "Lurje, Pawel"]
[WhiteElo "1914"]
[BlackElo "2100"]
[Result "0-1"]
[PlyCount "58"]
[EventDate "1993.10.23"]

1. e4 c5 2. Nc3 Nc6 3. f4 g6 4. Nf3 Bg7 5. Bc4 e6 6. f5 Nge7 7. fxe6 fxe6 8. d3
d5 9. Bb3 b5 10. O-O c4 11. exd5 exd5 12. dxc4 dxc4 13. Qxd8+ Kxd8 14. Nxb5
cxb3 15. Rd1+ Bd7 16. Ng5 bxc2 17. Rd3 Kc8 18. Nd6+ Kc7 19. Nb5+ Kb6 20. Rxd7
Kxb5 21. Ne6 Be5 22. a4+ Kc4 23. Bg5 Bxb2 24. Re1 Nd5 25. Re4+ Nd4 26. Bc1 Bc3
27. Bd2 Rhe8 28. Rxd5 Rxe6 29. Rexd4+ Bxd4+ 0-1

[Event "VI Open FIDE"]
[Site "Forli' ITA"]
[Date "1993.10.??"]
[Round "9"]
[White "Efimov, Igor"]
[Black "Caposciutti, Maurizio"]
[WhiteElo "2490"]
[BlackElo "2315"]
[Result "1/2-1/2"]
[PlyCount "147"]
[EventDate "1993.10.23"]

1. e4 c5 2. Nf3 Nc6 3. d4 cxd4 4. Nxd4 e5 5. Nb5 d6 6. c4 Be7 7. N1c3 a6 8. Na3
Be6 9. Nc2 Bg5 10. Ne3 Nd4 11. Bd3 Ne7 12. h4 Bh6 13. g4 Bf4 14. Nf5 Nexf5 15.
exf5 Bxc1 16. Rxc1 Bd7 17. Be4 Bc6 18. Qd3 Rc8 19. g5 Bxe4 20. Qxe4 Rxc4 21. g6
Qd7 22. Rd1 O-O 23. gxh7+ Kh8 24. f6 gxf6 25. Rg1 Qc6 26. Nd5 Nc2+ 27. Qxc2
Qxd5 28. Qb3 Re4+ 29. Kf1 Qxb3 30. axb3 Rd8 31. Rc1 Rb4 32. Rc7 Rf8 33. Rg3 d5
34. Rd7 d4 35. Rd6 Kxh7 36. Rxf6 e4 37. Rg4 Rxb3 38. Rxe4 d3 39. Rd4 Rxb2 40.
Rxd3 Kg7 41. Rdd6 Rh8 42. Rb6 Rxb6 43. Rxb6 Rb8 44. Ke2 Re8+ 45. Kd3 Re7 46. f3
f6 47. h5 Kh6 48. Rxf6+ Kxh5 49. Rb6 Kg5 50. Kd4 Kf5 51. Rb3 b5 52. Kc5 Kf4 53.
Kb6 Re6+ 54. Ka5 Rf6 55. Rb1 Ke3 56. Re1+ Kd3 57. Rc1 Kd4 58. Kb4 Kd5 59. Ka5
Kd4 60. Kb4 Kd3 61. Ka5 Kd2 62. Rb1 Kc2 63. Rb4 Kc3 64. f4 Rf5 65. Re4 Rf6 66.
Rb4 Rf5 67. Re4 b4+ 68. Ka4 Rb5 69. Re3+ Kd4 70. Rb3 Kc4 71. f5 Rb8 72. f6 a5
73. f7 Rf8 74. Rf3 1/2-1/2

[Event "VI Open FIDE"]
[Site "Forli' ITA"]
[Date "1993.10.??"]
[Round "9"]
[White "Gaido, Paolo"]
[Black "Tagnon, Nicole"]
[WhiteElo "1987"]
[BlackElo "2100"]
[Result "1/2-1/2"]
[PlyCount "147"]
[EventDate "1993.10.23"]

1. Nf3 c5 2. c4 b6 3. g3 Bb7 4. Bg2 Nf6 5. O-O e6 6. Nc3 a6 7. d4 cxd4 8. Nxd4
Bxg2 9. Kxg2 Be7 10. b3 Qc7 11. Bb2 d6 12. e4 Nbd7 13. Qe2 O-O 14. Rad1 Rac8
15. Rd2 Qb7 16. f3 Rfe8 17. Rfd1 Bf8 18. Qf2 Red8 19. Nde2 b5 20. cxb5 axb5 21.
Nf4 Rc6 22. Qe2 Rb8 23. Nd3 Rbc8 24. Rc1 b4 25. Na4 Rxc1 26. Bxc1 Ne5 27. Bb2
Nxd3 28. Qxd3 d5 29. Bxf6 dxe4 30. Qxe4 Qxe4 31. fxe4 gxf6 32. Nb6 Rc3 33. Nc4
Kg7 34. Kf2 Kg6 35. Re2 Bc5+ 36. Kg2 h5 37. Nb2 Bd4 38. Nd1 Rd3 39. Nf2 Rc3 40.
Nd1 Rc1 41. Nf2 Bc3 42. Nd3 Rd1 43. Nf4+ Kg5 44. Nh3+ Kh6 45. Nf2 Rd8 46. Rc2
Rd2 47. Rxd2 Bxd2 48. Kf3 Kg6 49. Ke2 Bc3 50. Nd1 Be5 51. Ne3 Kg5 52. Kf3 h4
53. Kg2 hxg3 54. hxg3 Bd4 55. Nc2 Bc5 56. Kf3 f5 57. exf5 Kxf5 58. g4+ Ke5 59.
a3 bxa3 60. b4 Be7 61. Nxa3 Bxb4 62. Nc2 Bd2 63. Na3 Kd4 64. Nb5+ Kd3 65. Nd6
e5 66. Nxf7 e4+ 67. Kg2 e3 68. Ne5+ Kd4 69. Nf3+ Ke4 70. g5 Bc3 71. g6 Kd3 72.
Ne1+ Ke2 73. Nc2 Kd3 74. Nxe3 1/2-1/2

[Event "VI Open FIDE"]
[Site "Forli' ITA"]
[Date "1993.10.??"]
[Round "9"]
[White "Godena, Michele"]
[Black "Loncar, Robert"]
[WhiteElo "2505"]
[BlackElo "2440"]
[Result "1/2-1/2"]
[PlyCount "141"]
[EventDate "1993.10.23"]

1. e4 c5 2. Nf3 d6 3. c3 Nf6 4. Bd3 g6 5. Bc2 Bg7 6. h3 O-O 7. O-O Nc6 8. Re1
e5 9. d4 cxd4 10. cxd4 exd4 11. Nxd4 Nxd4 12. Qxd4 Be6 13. Na3 Qa5 14. Bd2 Qc5
15. Bc3 Ne8 16. Qxc5 dxc5 17. Bxg7 Kxg7 18. Rad1 Nc7 19. f4 Rad8 20. f5 gxf5
21. exf5 Bxa2 22. Re7 Rxd1+ 23. Bxd1 Nd5 24. Rxb7 Ne3 25. Bf3 Nxf5 26. Rxa7 Rb8
27. Rb7 Rd8 28. Nb5 Nh4 29. Be4 Rd2 30. Nc3 Be6 31. Rb5 c4 32. Rh5 Ng6 33. Rg5
Kf6 34. Rc5 Nf4 35. Rb5 h6 36. Rb4 Kg7 37. Rb5 Nd3 38. Rb7 Rxb2 39. Rc7 Rd2 40.
Nd5 Rc2 41. Kh2 Rc1 42. Kg3 Re1 43. Rxc4 Nb2 44. Kf2 Rxe4 45. Rxe4 Bxd5 46.
Rg4+ Kh7 47. Ke3 Be6 48. Rb4 Nc4+ 49. Kd4 Na5 50. Rb6 Kg6 51. Ra6 Nb3+ 52. Ke5
Nc5 53. Ra3 Nb3 54. Ra8 Nd2 55. Rg8+ Kh7 56. Rg3 Nc4+ 57. Kf6 Nd6 58. Rd3 Ne4+
59. Ke5 Nc5 60. Ra3 Nd7+ 61. Kf4 Kg7 62. Ra8 Nf8 63. Ra5 Ng6+ 64. Kg3 f5 65.
Kf2 h5 66. g4 hxg4 67. hxg4 f4 68. Kf3 Bb3 69. Rf5 Bd1+ 70. Ke4 Bc2+ 71. Kf3
1/2-1/2

[Event "VI Open FIDE"]
[Site "Forli' ITA"]
[Date "1993.10.??"]
[Round "9"]
[White "Iotti, Pierluigi"]
[Black "Mailfert, Jean-Pierre"]
[WhiteElo "2300"]
[BlackElo "2115"]
[Result "1/2-1/2"]
[PlyCount "28"]
[EventDate "1993.10.23"]

1. d4 d5 2. c4 c6 3. Nf3 Nf6 4. Nc3 dxc4 5. a4 Bg4 6. Ne5 Bh5 7. f3 Nfd7 8.
Nxc4 e5 9. Nxe5 Nxe5 10. dxe5 Nd7 11. Qb3 Nxe5 12. Bf4 Bd6 13. O-O-O Qe7 14.
Kb1 Bg6+ 1/2-1/2

[Event "VI Open FIDE"]
[Site "Forli' ITA"]
[Date "1993.10.??"]
[Round "9"]
[White "Leoncini, Mario"]
[Black "Lagrotteria, Salvatore"]
[WhiteElo "2250"]
[BlackElo "2230"]
[Result "0-1"]
[PlyCount "156"]
[EventDate "1993.10.23"]

1. e4 e6 2. d4 d5 3. Nc3 Nf6 4. Bg5 Bb4 5. e5 h6 6. Bd2 Bxc3 7. bxc3 Ne4 8. Bd3
Nxd2 9. Qxd2 Nd7 10. f4 Nb6 11. Nf3 Bd7 12. O-O Qe7 13. Rab1 c5 14. Kh1 c4 15.
Be2 Qa3 16. Nh4 g6 17. g4 O-O-O 18. f5 gxf5 19. gxf5 Na4 20. Rf3 exf5 21. Rbf1
Qb2 22. Nxf5 Bxf5 23. Rxf5 Nxc3 24. Bg4 Kb8 25. Rxf7 Ne4 26. Qa5 Ng5 27. Qc7+
Ka8 28. Rg7 Rb8 29. e6 Qxd4 30. Rf4 Qc3 31. Rf2 Qe1+ 32. Kg2 Nxe6 33. Bxe6 Qxe6
34. Rff7 Rhg8 35. Rxg8 Rxg8+ 36. Kf2 Rb8 37. Qd7 Qe5 38. h3 Qh2+ 39. Ke3 Qxc2
40. Re7 Qd3+ 41. Kf4 Qd4+ 42. Kf3 Rf8+ 43. Rf7 Rb8 44. Qd6 Qe4+ 45. Kf2 Qh4+
46. Kg2 Qg5+ 47. Kf2 Qd2+ 48. Kf3 Qe1 49. Rd7 Qf1+ 50. Ke3 Qxh3+ 51. Kd4 Qd3+
52. Kc5 Qa3+ 53. Kxd5 Qxd6+ 54. Rxd6 Rh8 55. Kxc4 h5 56. Rd3 h4 57. Rh3 b6 58.
a4 Rh5 59. Kc3 Kb7 60. Kd3 Ka6 61. Kc3 Ka5 62. Kb3 Ka6 63. Kc3 Kb7 64. Kc2 Kc6
65. Kd2 a6 66. Kc2 Kd5 67. Kd3 Rh6 68. Kc3 Ke4 69. Kd2 Kf4 70. Ke2 Kg4 71. Rh1
h3 72. Rg1+ Kf4 73. Kf2 h2 74. Rh1 Ke4 75. Kg2 Kd4 76. Rd1+ Kc5 77. Kh1 b5 78.
axb5 axb5 0-1

[Event "VI Open FIDE"]
[Site "Forli' ITA"]
[Date "1993.10.??"]
[Round "9"]
[White "Manouck, Thierry"]
[Black "Vezzosi, Paolo"]
[WhiteElo "2305"]
[BlackElo "2280"]
[Result "0-1"]
[PlyCount "68"]
[EventDate "1993.10.23"]

1. c4 e5 2. g3 Nc6 3. Bg2 g6 4. Nc3 Bg7 5. Rb1 Nf6 6. d3 O-O 7. b4 Re8 8. b5
Ne7 9. e4 d6 10. Nge2 Be6 11. O-O Qd7 12. Nd5 c6 13. Nxe7+ Rxe7 14. f4 exf4 15.
Nxf4 Bg4 16. Qc2 Rc8 17. bxc6 bxc6 18. h3 Be6 19. g4 Qc7 20. Bb2 Nd7 21. Bxg7
Kxg7 22. Qc3+ Kg8 23. d4 Nf6 24. c5 dxc5 25. Nxe6 Rxe6 26. Qxc5 Qd6 27. Qc3 c5
28. d5 Qe5 29. Rfc1 Re7 30. Rb5 c4 31. Ra5 Qd6 32. g5 Nd7 33. Kh1 Ne5 34. Qa3
Qd8 0-1

[Event "VI Open FIDE"]
[Site "Forli' ITA"]
[Date "1993.10.??"]
[Round "9"]
[White "Nemet, Ivan"]
[Black "Bartolini, Tommaso"]
[WhiteElo "2410"]
[BlackElo "2095"]
[Result "1-0"]
[PlyCount "69"]
[EventDate "1993.10.23"]

1. d4 Nf6 2. c4 g6 3. Nc3 d5 4. Nf3 Bg7 5. cxd5 Nxd5 6. e4 Nxc3 7. bxc3 c5 8.
Rb1 O-O 9. Be2 cxd4 10. cxd4 Qa5+ 11. Bd2 Qxa2 12. O-O Qe6 13. Qc2 Qc6 14. Qd3
Qd6 15. d5 Na6 16. Rfc1 Nc5 17. Qe3 b6 18. Bb4 Bg4 19. Nd2 Bxe2 20. Qxe2 Rfc8
21. Nb3 a5 22. Ba3 h5 23. g3 h4 24. Nd2 hxg3 25. hxg3 Bd4 26. Kg2 Rab8 27. Nf3
Bg7 28. Rh1 e6 29. Rh4 exd5 30. e5 Qd7 31. Rbh1 Ne6 32. Qd2 Nc5 33. Rh7 f5 34.
exf6 Ne4 35. Qxd5+ 1-0

[Event "VI Open FIDE"]
[Site "Forli' ITA"]
[Date "1993.10.??"]
[Round "9"]
[White "Payen, Arnaud"]
[Black "Novikov, Igor A."]
[WhiteElo "2285"]
[BlackElo "2545"]
[Result "0-1"]
[PlyCount "152"]
[EventDate "1993.10.23"]

1. e4 c5 2. Nf3 d6 3. d4 cxd4 4. Nxd4 Nf6 5. Nc3 a6 6. Be2 e6 7. O-O Be7 8. f4
Qc7 9. a4 O-O 10. Kh1 b6 11. e5 dxe5 12. fxe5 Nfd7 13. Bf3 Bb7 14. Bxb7 Qxb7
15. Bf4 Nc6 16. Qf3 Rac8 17. Rad1 Kh8 18. Bg3 Nc5 19. Qh5 f5 20. exf6 Bxf6 21.
Nxc6 Qxc6 22. Bd6 Rfd8 23. Be5 Rxd1 24. Rxd1 Bxe5 25. Qxe5 h6 26. Qd6 Qb7 27.
b4 Ne4 28. Nxe4 Qxe4 29. Qxb6 Rxc2 30. Rg1 Qe2 31. b5 axb5 32. axb5 Rb2 33.
Qd8+ Kh7 34. b6 Qe3 35. Qd1 Qxb6 36. Qd3+ Kg8 37. Qg6 Rf2 38. h3 Rf6 39. Qe4
Qd6 40. Re1 Qd5 41. Qe2 Qf5 42. Qe3 Rg6 43. Kg1 Qd5 44. Qe2 e5 45. Qe4 Qc5+ 46.
Kh1 Re6 47. Qa8+ Qf8 48. Qxf8+ Kxf8 49. Kg1 Kf7 50. Kf2 Kf6 51. Ke3 Ra6 52.
Rf1+ Ke6 53. Rf2 Ra3+ 54. Ke4 Rb3 55. Ra2 Rb4+ 56. Ke3 Kf5 57. Rf2+ Rf4 58. Ra2
Re4+ 59. Kf3 Rb4 60. Rc2 Rb3+ 61. Kf2 Kf4 62. Ra2 e4 63. Rc2 g5 64. Ra2 h5 65.
Rc2 g4 66. hxg4 hxg4 67. Ra2 e3+ 68. Ke2 Kg3 69. Ra4 Rb2+ 70. Kxe3 Rxg2 71. Ra1
Rb2 72. Ra4 Kh3 73. Ra8 g3 74. Rf8 g2 75. Kf3 Kh2 76. Rg8 Rb3+ 0-1

[Event "VI Open FIDE"]
[Site "Forli' ITA"]
[Date "1993.10.??"]
[Round "9"]
[White "Rodighiero, Giuseppe"]
[Black "Tocchioni, Doriano"]
[WhiteElo "2190"]
[BlackElo "2235"]
[Result "0-1"]
[PlyCount "138"]
[EventDate "1993.10.23"]

1. d4 c6 2. e4 d5 3. e5 Bf5 4. Nf3 e6 5. Be2 a6 6. O-O Nd7 7. c3 c5 8. Be3 Ne7
9. Nbd2 Nc6 10. a3 Be7 11. b4 c4 12. a4 b5 13. Ne1 Nb6 14. g4 Bg6 15. f4 Nxa4
16. Rxa4 bxa4 17. Qxa4 Qd7 18. f5 Nxe5 19. Qxd7+ Nxd7 20. fxg6 hxg6 21. Nef3
O-O 22. Ra1 a5 23. bxa5 Bd8 24. a6 Nb8 25. a7 Nc6 26. Ne5 Rxa7 27. Rxa7 Nxa7
28. Nd7 Re8 29. Nb1 Re7 30. Nc5 Ba5 31. Bd2 Nb5 32. Kf2 Ra7 33. Bd1 Bb6 34. Na4
Bc7 35. h3 Nd6 36. Ke2 Ne4 37. Bc2 Nxd2 38. Nxd2 Bd6 39. Nf3 Rb7 40. Ne5 g5 41.
Nf3 f6 42. Ke3 Kf7 43. Kf2 Rb8 44. Kf1 Ke7 45. h4 gxh4 46. Nxh4 g5 47. Nf3 Kd7
48. Kf2 Kc6 49. Bg6 Rb3 50. Ke1 Ra3 51. Nd2 Ra2 52. Be8+ Kc7 53. Nc5 Bxc5 54.
dxc5 Ra8 55. Bf7 Rf8 56. Bg6 Kc6 57. Nf3 Kxc5 58. Nd4 Kd6 59. Kd2 Rh8 60. Ke3
Rh3+ 61. Nf3 Rg3 62. Bh5 Rg2 63. Nd4 e5 64. Ne2 Rh2 65. Bg6 Rh3+ 66. Kd2 Kc5
67. Bf5 d4 68. Be4 d3 69. Ng1 Rg3 0-1

[Event "VI Open FIDE"]
[Site "Forli' ITA"]
[Date "1993.10.??"]
[Round "9"]
[White "Zelcic, Robert"]
[Black "Tatai, Stefano"]
[WhiteElo "2450"]
[BlackElo "2440"]
[Result "0-1"]
[PlyCount "118"]
[EventDate "1993.10.23"]

1. e4 c5 2. Nf3 d6 3. d4 cxd4 4. Nxd4 Nf6 5. Nc3 a6 6. a4 e5 7. Nf3 Qc7 8. Bg5
Nbd7 9. Nd2 h6 10. Bh4 g5 11. Bg3 Nc5 12. f3 Be6 13. h4 Rg8 14. hxg5 hxg5 15.
Qe2 Rc8 16. Bf2 Ncd7 17. Qe3 Be7 18. g3 Qa5 19. Bd3 Qb4 20. Nd1 d5 21. c3 Qa5
22. g4 d4 23. Qe2 dxc3 24. bxc3 Bc5 25. Bg3 b5 26. Kf1 Bd6 27. Kg2 Nc5 28. Rh6
Nfd7 29. Bc2 Bf8 30. Rh7 Nxa4 31. Bxa4 bxa4 32. c4 Bb4 33. Be1 Nf8 34. Rh2 Rd8
35. Nb3 Qb6 36. c5 Qb8 37. Na5 Ng6 38. Kg3 Nf4 39. Qe3 Rd3 40. Qg1 Qb5 41. Bxb4
Qxb4 42. Nb2 Rd2 43. Nc6 Qxb2 44. Rd1 Qb5 45. Rhxd2 Qxc6 46. Qh2 Ke7 47. Qh7
Qc8 48. Rh2 Ng6 49. Qh6 Nf4 50. Rb2 a3 51. Rb6 Ne2+ 52. Kg2 Rg6 53. Qh2 Nf4+
54. Kg3 a2 55. c6 Qf8 56. Qd2 Qh8 57. Rb7+ Kf6 58. Kf2 Rh6 59. Ke3 Rh2 0-1